| 000 | 01217nam a2200229Ia 4500 | ||
|---|---|---|---|
| 001 | L248-15167 | ||
| 003 | IT-CnALBA | ||
| 008 | 170116s9999||||xx |||||||||||||| ||und|| | ||
| 040 |
_aIT-CnALBA _cIT-CnALBA |
||
| 041 | _aITALIANO | ||
| 100 | _aCUTTAZ FRANCOIS, MONS. | ||
| 245 | 0 | _aL'AMORE SACRAMENTO. IL MATRIMONIO DEI FIGLI DI DIO. | |
| 250 | _a1a ed. | ||
| 260 |
_aCINISELLO BALSAMO (MI) _bEDIZIONI PAOLINE _c1962 [1° Ed.: n.d.] |
||
| 300 | _a549 p. (prefazione: 5) | ||
| 500 | _aTRADUZIONE DAL FRANCESE DI S. FUMAGALLI. CONTRATTO SACRAMENTO.VINCOLO CONI UGALE. ADULTERIO. AMORE BENEFICO, SANTIFICANTE, ORDINATO. COABITAZIONE. GRAZIA SANTIFICANTE E SACRAMENTALE. UNITÀ E INDISSOLUBILITA' DEL MATRIMONIO. IMPEDIMENTI IMPEDIENTI E DIRIME | ||
| 501 | _aSocietà San Paolo EM - Piazza San Paolo, 14 - 12051 ALBA (CN) (non commercial uses only) ® Copyright 2017 | ||
| 520 | _aTRADUZIONE DAL FRANCESE DI S. FUMAGALLI. CONTRATTO SACRAMENTO.VINCOLO CONI UGALE. ADULTERIO. AMORE BENEFICO, SANTIFICANTE, ORDINATO. COABITAZIONE. GRAZIA SANTIFICANTE E SACRAMENTALE. UNITÀ E INDISSOLUBILITA' DEL MATRIMONIO. IMPEDIMENTI IMPEDIENTI E DIRIME | ||
| 650 | _aASCETICA E MISTICA | ||
| 942 | _cBK | ||
| 957 | _71 | ||
| 999 |
_a19917 _bNO _g Copie: 1 _c274336 _d274336 |
||